Power electronics
Saved in:
| Hovedforfatter: | |
|---|---|
| Format: | Bog |
| Sprog: | engelsk |
| Udgivet: |
Nueva York
Mc Graw-Hill
2011
|
| Fag: | |
| Tags: |
Tilføj Tag
Ingen Tags, Vær først til at tagge denne postø!
|
MARC
| LEADER | 00000nam a2200000 a 4500 | ||
|---|---|---|---|
| 001 | UCG6925 | ||
| 003 | CL-VaPUC | ||
| 008 | 110602e20110000US |||||||||||||||||eng|d | ||
| 020 | |a 9780073380674 | ||
| 082 | 0 | 4 | |a 621.3815 |b HAR |2 21 |
| 100 | |a Hart, Daniel W |e author |9 557405 | ||
| 245 | 1 | 0 | |a Power electronics |
| 300 | |a 477 p | ||
| 942 | |c BK | ||
| 945 | |d 20110602 00:00:00 |a dcastane | ||
| 260 | |a Nueva York |b Mc Graw-Hill |c 2011 | ||
| 650 | 0 | |a Electrónica de potencia |9 263153 | |
| 650 | 0 | |a Semiconductores |9 260250 | |
| 650 | 0 | |a Transductores |9 263437 | |
| 650 | 0 | |a Sensores |9 306935 | |
| 650 | 7 | |a TRANSISTORES DE POTENCIA |2 CL-VaPUC |9 332415 | |
| 650 | 0 | |a Circuitos eléctricos |9 260262 | |
| 583 | |a last modification |c 20110602 00:00:00 |k Rodrigo Vera | ||
| 999 | |c 345033 |d 345031 | ||
| 952 | |0 0 |1 0 |4 0 |6 621_381500000000000_HAR_2011 |7 0 |8 A |9 443437 |a BIBING |b BIBING |d 2019-11-22 |i 4780078 |l 3 |m 2 |o 621.3815 HAR 2011 |p 4780078 |r 2025-01-20 |s 2023-11-07 |w 2019-11-22 |y BK |k EIE | ||